000 00382nam a22000977a 4500
100 _aचन्‍द्र,रमेश
_975674
245 _aविश्‍व ज्ञान कोश
260 _aदिल्‍ली
_bआर्यावर्त संस्‍कृति संस्‍थान
_c2018
650 _aसामान्‍य ज्ञान
_9328
942 _cHIN
999 _c63526
_d63526